Algorithms in C++/ (Record no. 6196)
[ view plain ]
| 000 -LEADER | |
|---|---|
| fixed length control field | 00607nac a22001931u 4500 |
| 020 ## - INTERNATIONAL STANDARD BOOK NUMBER | |
| International Standard Book Number | 0201361183 |
| 082 ## - DEWEY DECIMAL CLASSIFICATION NUMBER | |
| Classification number | 005.133 |
| Item number | SED |
| 090 ## - LOCALLY ASSIGNED LC-TYPE CALL NUMBER (OCLC); LOCAL CALL NUMBER (OCLC) | |
| -- | 6196 |
| -- | 6196 |
| 100 ## - MAIN ENTRY--PERSONAL NAME | |
| Personal name | Sedgewick, Robert |
| 245 ## - TITLE STATEMENT | |
| Title | Algorithms in C++/ |
| Statement of responsibility, etc | Robert Sedgewick |
| Number of part/section of a work | Part 5 |
| Name of part/section of a work | Graph Algorithms |
| 260 ## - PUBLICATION, DISTRIBUTION, ETC. (IMPRINT) | |
| Place of publication, distribution, etc | Boston, MA : |
| Name of publisher, distributor, etc | Addison-Wesley.2002 |
| Date of publication, distribution, etc | 2002 |
| 300 ## - PHYSICAL DESCRIPTION | |
| Extent | 496p.: |
| Other physical details | ill.; |
| Dimensions | 22 cm. |
| 500 ## - GENERAL NOTE | |
| General note | distributer: Al-Ahram |
| 500 ## - GENERAL NOTE | |
| General note | Includes index |
| 511 ## - PARTICIPANT OR PERFORMER NOTE | |
| Participant or performer note | catalogued by: wessam |
| 650 ## - SUBJECT ADDED ENTRY--TOPICAL TERM | |
| Topical term or geographic name as entry element | C++(computer program langage) |
| 650 ## - SUBJECT ADDED ENTRY--TOPICAL TERM | |
| Topical term or geographic name as entry element | Computer algorithms |
| 942 ## - ADDED ENTRY ELEMENTS (KOHA) | |
| Item type | NB - Book (Non borrowing) |
| Call number prefix | 005.133SED |
| Withdrawn status | Item status | Source of classification or shelving scheme | Damaged status | Not for loan | Vendor | Home library | Current library | Shelving location | Date acquired | Source of acquisition | Cost, normal purchase price | Total Checkouts | Full call number | Barcode | Date last seen | Date last borrowed | Cost, replacement price | Koha item type | Total Renewals |
|---|---|---|---|---|---|---|---|---|---|---|---|---|---|---|---|---|---|---|---|
| Dewey Decimal Classification | Central Library | Central Library | Lower Floor | 07/11/2015 | 160.00 | 1 | 005.133SED | 000007359 | 15/07/2025 | 04/08/2013 | 200.00 | NB - Book (Non borrowing) | |||||||
| Central Library | Central Library | Lower Floor | 07/11/2015 | Purchase | 160.00 | 6 | 005.133SED | 000007361 | 15/07/2025 | 24/02/2019 | 200.00 | Book - Borrowing | 15 |